Language Quiz

Random Language or Lyrics Quiz

Michael Jackson's Vocabulary Quiz Stats

 Plays Quiz Updated Oct 21, 2017

Challenge
Share
Tweet
Embed
Score 0/20 Timer 05:00
6 Plays Today
% Correct
Cheap
94.9%
Running
94.6%
Sunrise
94.6%
Paralyzed
94.5%
Crescendo
94.5%
Blind
94.5%
Groove
94.2%
Wax
94.2%
Razor
94.1%
Winks
94%
% Correct
Realize
93.2%
Divinity
92.4%
Allegation
92.3%
Disregard
92.2%
Disappear
92.2%
Miracle
90.8%
Promise
90.3%
Dread
90.1%
Spark
90%
Schemes
87%

You're not logged in!

Compare scores with friends on all Sporcle quizzes.
OR
Log In

You Might Also Like...

Show Comments

Extras

Top Quizzes Today


Score Distribution

Your Account Isn't Verified!

In order to create a playlist on Sporcle, you need to verify the email address you used during registration. Go to your Sporcle Settings to finish the process.

Report this User

Report this user for behavior that violates our Community Guidelines.

Details: